Fachwörter - terminologisierte Wörter der Gemeinsprache

Vznik nových vedeckých disciplín a ich vplyv na zmeny v slovnej zásobe. Vznik veľkého množstva nových slov a profesionálnych termínov. Špeciálne termíny sa objavujú keď sa slová cudzieho jazyka (najmä anglického) infiltrujú do slovnej zásoby.

Salvato in:
Dettagli Bibliografici
Autore principale: Popelková, Ingrid, 1970-
Natura: Capitolo di libro
Lingua:tedesco
Soggetti:
Tags: Aggiungi Tag
Nessun Tag, puoi essere il primo ad aggiungerne!!

MARC

LEADER 00000naa$a2200000$$$4500
001 0181775
005 20240502073123.0
041 0 |a ger 
044 |a SK 
245 1 0 |a Fachwörter - terminologisierte Wörter der Gemeinsprache  |c Ingrid Popelková 
520 |a Vznik nových vedeckých disciplín a ich vplyv na zmeny v slovnej zásobe. Vznik veľkého množstva nových slov a profesionálnych termínov. Špeciálne termíny sa objavujú keď sa slová cudzieho jazyka (najmä anglického) infiltrujú do slovnej zásoby. 
610 2 0 |a jazyky cudzie 
610 2 0 |a jazyk odborný 
610 2 0 |a terminológia 
610 2 0 |a zásoba slovná 
100 1 |a Popelková, Ingrid, 1970-